LIBRARY & INFORMATION CENTRE, KCAET, TAVANUR

ONLINE PUBLIC ACCESS CATALOGUE (OPAC)

Sarada Part-2 / (Record no. 6609)

MARC details
000 -LEADER
fixed length control field 00301cam a2200133ua 4500
041 ## - LANGUAGE CODE
Language code of text/sound track or separate title mal
082 ## - DEWEY DECIMAL CLASSIFICATION NUMBER
Classification number 894.812308
Item number CHA/SA
100 ## - MAIN ENTRY--AUTHOR NAME
Personal name Chanthu, Menon .
245 ## - TITLE STATEMENT
Title Sarada Part-2 /
300 ## - PHYSICAL DESCRIPTION
Number of Pages 238 ; .
942 ## - ADDED ENTRY ELEMENTS (KOHA)
Koha item type Books
Holdings
Withdrawn status Lost status Damaged status Home library Current library Date acquired Full call number Accession Number Koha item type
Withdrawn     KAUAET Sanskrit University 07/04/2012 894.812308 1307 Books
free website counter